Statistics for Pitchers with multiple Cy Young Awards

Click here to take the quiz!

General Stats

  • This quiz has been taken 169 times
  • The average score is 12 of 21

Answer Stats

NumberYearPitcher% Correct
72004Roger Clemens
94%
52002Randy Johnson
90%
41995Greg Maddux
82%
32014Clayton Kershaw
82%
31966Sandy Koufax
81%
32000Pedro Martinez
77%
22019Justin Verlander
74%
31975Tom Seaver
65%
21998Tom Glavine
63%
21970Bob Gibson
62%
41982Steve Carlton
55%
32017Max Scherzer
53%
22010Roy Halladay
48%
22019Jacob deGrom
47%
31976Jim Palmer
44%
22009Tim Lincecum
38%
22006Johan Santana
35%
22017Corey Kluber
33%
21969Denny McLain
31%
21978Gaylord Perry
26%
21989Bret Saberhagen
18%

Score Distribution

Percentile by Number Answered

Percent of People with Each Score

Your Score History

You have not taken this quiz